Delivering health care in America : (Record no. 8229)

MARC details
000 -LEADER
fixed length control field 00741nam a22002292 4500
001 - CONTROL NUMBER
control field 0000012227
005 - DATE AND TIME OF LATEST TRANSACTION
control field 20151217152109.0
008 - FIXED-LENGTH DATA ELEMENTS--GENERAL INFORMATION
fixed length control field 090218s xx 000 0 eng d
020 ## - INTERNATIONAL STANDARD BOOK NUMBER
International Standard Book Number 0834217643 :
040 ## - CATALOGING SOURCE
Original cataloging agency KABU
Transcribing agency KABU
100 1# - MAIN ENTRY--PERSONAL NAME
Personal name Shi, Leiyu.
-- 0000168487
245 10 - TITLE STATEMENT
Title Delivering health care in America :
Remainder of title a systems approach /
Statement of responsibility, etc. Leiyu Shi, Douglas A. Singh.
250 ## - EDITION STATEMENT
Edition statement 2nd ed.
260 ## - PUBLICATION, DISTRIBUTION, ETC. (IMPRINT)
Place of publication, distribution, etc. Gaithersburg, Maryland :
Name of publisher, distributor, etc. Aspen,
Date of publication, distribution, etc. 2001.
300 ## - PHYSICAL DESCRIPTION
Extent xv, 634 p.
650 #0 - SUBJECT ADDED ENTRY--TOPICAL TERM
Topical term or geographic name as entry element Medical care
Geographic subdivision United States.
-- 0000168488
650 #0 - SUBJECT ADDED ENTRY--TOPICAL TERM
Topical term or geographic name as entry element Medical policy
Geographic subdivision United States.
-- 0000168489
700 1# - ADDED ENTRY--PERSONAL NAME
Personal name Singh, Douglas A.
-- 0000168490
852 1# - LOCATION
-- p500 KES
908 ## - PUT COMMAND PARAMETER (RLIN)
Put command parameter 090218
950 ## - LOCAL HOLDINGS (RLIN)
-- 1
Holdings
Withdrawn status Lost status Source of classification or shelving scheme Not for loan Home library Current library Date acquired Total Checkouts Full call number Barcode Date last seen Date last checked out Price effective from Koha item type
    Library of Congress Classification   Kabarak, Main Campus Kabarak, Main Campus 17/12/2015 1 RA395 .A3S56 2001 c. 1 16676 25/06/2018 11/06/2018 17/12/2015 General Collection
Designed with assistance from East African Informatics Ltd